Mapping global cities : (Record no. 11554)
[ view plain ]
| 000 -LEADER | |
|---|---|
| fixed length control field | 01444cam a22003735a 4500 |
| 001 - CONTROL NUMBER | |
| control field | 14317016 |
| 005 - DATE AND TIME OF LATEST TRANSACTION | |
| control field | 20150824110950.0 |
| 006 - FIXED-LENGTH DATA ELEMENTS--ADDITIONAL MATERIAL CHARACTERISTICS--GENERAL INFORMATION | |
| fixed length control field | a||||f |||| 00| 0 |
| 008 - FIXED-LENGTH DATA ELEMENTS--GENERAL INFORMATION | |
| fixed length control field | 060327t2006 cauab b 001 0 eng |
| 010 ## - LIBRARY OF CONGRESS CONTROL NUMBER | |
| LC control number | 2006010177 |
| 020 ## - INTERNATIONAL STANDARD BOOK NUMBER | |
| International Standard Book Number | 1589481437 |
| 020 ## - INTERNATIONAL STANDARD BOOK NUMBER | |
| International Standard Book Number | 9781589481435 |
| 035 ## - SYSTEM CONTROL NUMBER | |
| System control number | (OCoLC)ocm66463470 |
| 040 ## - CATALOGING SOURCE | |
| Original cataloging agency | DLC |
| Language of cataloging | eng |
| Modifying agency | BAKER |
| Transcribing agency | DLC |
| Modifying agency | C#P |
| -- | YDXCP |
| -- | DLC |
| -- | EG-ScBUE |
| 042 ## - AUTHENTICATION CODE | |
| Authentication code | pcc |
| 050 00 - LIBRARY OF CONGRESS CALL NUMBER | |
| Classification number | HT166 |
| Item number | .P333 2006 |
| 082 04 - DEWEY DECIMAL CLASSIFICATION NUMBER | |
| Classification number | 307.12160285 |
| Edition number | 22 |
| Item number | PAM |
| 100 1# - MAIN ENTRY--PERSONAL NAME | |
| Personal name | Pamuk, Ayşe. |
| 9 (RLIN) | 4834 |
| 245 10 - TITLE STATEMENT | |
| Title | Mapping global cities : |
| Remainder of title | GIS methods in urban analysis / |
| Statement of responsibility, etc | Ayşe Pamuk. |
| 260 ## - PUBLICATION, DISTRIBUTION, ETC. (IMPRINT) | |
| Place of publication, distribution, etc | Redlands : |
| Name of publisher, distributor, etc | ESRI Press, |
| Date of publication, distribution, etc | 2006. |
| 300 ## - PHYSICAL DESCRIPTION | |
| Extent | xix, 182 p. : |
| Other physical details | ill. (col.) ; |
| Dimensions | 23 cm. + |
| Accompanying material | 1 CD-ROM (4 3/4 in.) |
| 500 ## - GENERAL NOTE | |
| General note | Index : p. 173-182. |
| 504 ## - BIBLIOGRAPHY, ETC. NOTE | |
| Bibliography, etc | Bibliography : p. 153-166. |
| 590 ## - LOCAL NOTE (RLIN) | |
| Local note | Mohamed Hussein |
| 650 #0 - SUBJECT ADDED ENTRY--TOPICAL TERM | |
| Topical term or geographic name as entry element | City planning. |
| 9 (RLIN) | 4835 |
| Source of heading or term | BUEsh |
| 650 #0 - SUBJECT ADDED ENTRY--TOPICAL TERM | |
| Topical term or geographic name as entry element | Geographic information systems. |
| 9 (RLIN) | 4836 |
| Source of heading or term | BUEsh |
| 651 ## - SUBJECT ADDED ENTRY--GEOGRAPHIC NAME | |
| Source of heading or term | BUEsh |
| 653 ## - INDEX TERM--UNCONTROLLED | |
| Resource For college | BAEPS, Political Science |
| Arrived date list | August2015 |
| 856 41 - ELECTRONIC LOCATION AND ACCESS | |
| Materials specified | Table of contents only |
| Uniform Resource Identifier | <a href="http://www.loc.gov/catdir/toc/ecip0611/2006010177.html">http://www.loc.gov/catdir/toc/ecip0611/2006010177.html</a> |
| 856 42 - ELECTRONIC LOCATION AND ACCESS | |
| Materials specified | Contributor biographical information |
| Uniform Resource Identifier | <a href="http://www.loc.gov/catdir/enhancements/fy0634/2006010177-b.html">http://www.loc.gov/catdir/enhancements/fy0634/2006010177-b.html</a> |
| 856 42 - ELECTRONIC LOCATION AND ACCESS | |
| Materials specified | Publisher description |
| Uniform Resource Identifier | <a href="http://www.loc.gov/catdir/enhancements/fy0634/2006010177-d.html">http://www.loc.gov/catdir/enhancements/fy0634/2006010177-d.html</a> |
| 942 ## - ADDED ENTRY ELEMENTS (KOHA) | |
| Source of classification or shelving scheme | Dewey Decimal Classification |
| Item type | Book - Borrowing |
| Withdrawn status | Item status | Source of classification or shelving scheme | Damaged status | Not for loan | Vendor | Home library | Current library | Shelving location | Date acquired | Source of acquisition | Total Checkouts | Full call number | Barcode | Date last seen | Date last borrowed | Koha item type | Total Renewals |
|---|---|---|---|---|---|---|---|---|---|---|---|---|---|---|---|---|---|
| Dewey Decimal Classification | Baccah | Central Library | Central Library | First floor | 19/05/2009 | Purchase | 1 | 307.12160285 PAM | 000016130 | 15/07/2025 | 03/03/2019 | Book - Borrowing | |||||
| Dewey Decimal Classification | Baccah | Central Library | Central Library | First floor | 19/05/2009 | Purchase | 3 | 307.12160285 PAM | 000016129 | 15/07/2025 | 26/09/2017 | Book - Borrowing | 2 | ||||
| Dewey Decimal Classification | Baccah | Central Library | Central Library | First floor | 19/05/2009 | Purchase | 307.12160285 PAM | 000016128 | 15/07/2025 | NB - Book (Non borrowing) | |||||||
| Dewey Decimal Classification | Baccah | Central Library | Central Library | First floor | 19/05/2009 | Purchase | 307.12160285 PAM | 000016131 | 24/08/2022 | CD | DVD - With book | |||||||
| Dewey Decimal Classification | Baccah | Central Library | Central Library | First floor | 19/05/2009 | Purchase | 307.12160285 PAM | 000016187 | 24/08/2022 | CD | DVD - With book | |||||||
| Dewey Decimal Classification | Baccah | Central Library | Central Library | First floor | 19/05/2009 | Purchase | 307.12160285 PAM | 000016186 | 24/08/2022 | CD | DVD - With book (NB) |